Normale Ansicht MARC-Ansicht ISBD

Vivere a Scandicci = (Titelsatznr. 373874)

[ MARC ]
MARC-Details
000 -Satzkennung
Kontrollfeld mit fester Länge 00353nam a2200121 4500
008 - Feld mit fester Länge zur physischen Beschreibung - Allgemeine Angaben
Kontrollfeld mit fester Länge 250707b |||||||| |||| 00| 0 eng d
040 ## - Katalogisierungsquelle
Original-Katalogisierungsstelle DE-2950
Bearbeitungsstelle DE-2950
100 ## - Haupteintragung - Personenname
Personenname Zampano, Erminia
245 ## - Titel
Titel Vivere a Scandicci =
Zusatz zum Titel Das Leben in Scandicci
260 ## - Publikation, Vertrieb usw. (Erscheinungsvermerk)
Erscheinungsort, Vertriebsort etc. Scandicci:
Name des Verlags, des Vertriebs etc. Edizioni Tre Effe,
Date of publication, distribution, etc 1986
300 ## - Physische Beschreibung
Umfang o. Sz.: überw. Fotograf.
942 ## - Zusätzliche Felder (Koha)
Klassifikation oder Aufstellungssystematik Andere/Generische Klassifikation
Koha-Medientyp Bücher
Exemplare
Ausgeschieden Verloren Klassifikation oder Aufstellungssystematik Beschädigt Nicht entleihbar Permanenter Standort Aktueller Standort Aufstellungsort Erwerbungsdatum Lieferant Anzahl Ausleihen Signatur Letzte Aktivität Exemplarnummer Preis gültig von Medientyp
    Andere/Generische Klassifikation     Stadtarchiv Frankfurt (Oder) | Archivbibliothek Stadtarchiv Frankfurt (Oder) | Archivbibliothek Magazin 07/07/2025 OB_Büro   II: 5147 07/07/2025 57/2025 07/07/2025 Bücher